Catalog

Record Details

Catalog Search



Das Judentum  Cover Image Book Book

Das Judentum / Hans Küng

Küng, Hans, 1928- (Author).

Record details

  • ISBN: 3-492-03496-9
  • Physical Description: 907 s. : mapy ; 22 cm
  • Edition: 2. Auflage
  • Publisher: München ; Piper, 1991

Content descriptions

Bibliography, etc. Note:
Obsahuje bibliografické odkazy a rejstříky
Genre: monografie

Available copies

  • 1 of 1 copy available at Common Catalog SPOK.

Holds

  • 0 current holds with 1 total copy.
Show All Copies
Location Call Number / Copy Notes Barcode Shelving Location Status Due Date
ETS Library 296 424470015835 Volný výběr Available -

LDR 01105nam a22003737i 4500
00139698
003CZ-PrJAB
00520180110144627.0
007ta
008170504s1991 gw b e 001 0 ger d
020 . ‡a3-492-03496-9 ‡q(vázáno)
035 . ‡a(CONS)13125
035 . ‡a(CZ PrSKC)zmp000060615
040 . ‡aABE323 ‡bcze ‡erda
044 . ‡agw ‡asz
072 7. ‡a26 ‡xJudaismus ‡2Konspekt ‡95
082 . ‡a296
1001 . ‡aKüng, Hans, ‡d1928- ‡7jn19990004781 ‡4aut
24514. ‡aDas Judentum / ‡cHans Küng
250 . ‡a2. Auflage
264 1. ‡aMünchen ; ‡aZürich ; ‡bPiper, ‡c1991
300 . ‡a907 s. : ‡bmapy ; ‡c22 cm
336 . ‡atext ‡btxt ‡2rdacontent
337 . ‡abez média ‡bn ‡2rdamedia
338 . ‡asvazek ‡bnc ‡2rdacarrier
4901 . ‡aDie religiöse Situation der Zeit
504 . ‡aObsahuje bibliografické odkazy a rejstříky
6530 . ‡ajudaismus
655 7. ‡amonografie ‡7fd132842 ‡2czenas
830 0. ‡aReligiöse Situation der Zeit
8524 . ‡bETS ‡bETS ‡cVolný výběr ‡j296 ‡p424470015835 ‡y$50.00
910 . ‡aABG450
999 . ‡a13125 ‡c13125 ‡tbiblio
905 . ‡uadmin
901 . ‡a39698 ‡b ‡c39698 ‡tbiblio ‡sets

Additional Resources